=LDR 00000nam 2200000 4500 =001 INLIS000000000058997 =005 20230911081104 =035 ##$$a 0010-1021000445 =007 ta =008 230911################g##########0#ind## =020 ##$$a 979-420-289-4 =082 ##$$a 574.192 =084 ##$$a 574.192 BIO =245 ##$$a Biokimia : $b Suatu pendekatan berorientasi kasus jilid 2 /$c Rex Mointgomery...[et.al] =250 ##$$a Edisi ke Empat =260 ##$$a Yogykarta :$b Gadjah Mada University Press,$c 1993 =300 ##$$a xiii, 1377 hlm. : $b ilus ; $c 14x21 cm. =650 #4$$a Biokimia =500 ##$$a indeks : 1265-1377 =990 ##$$a 1199400800